| 000 | 00394nam a22001457a 4500 | ||
|---|---|---|---|
| 005 | 20200710150738.0 | ||
| 008 | 200710b xxu||||| |||| 00| 0 eng d | ||
| 082 | _a345.4005 BHA-I | ||
| 100 |
_aBHAL, DEBI PRASAD _96287 |
||
| 245 | _aINDIA BAR REVIEW [Vol-47(1)2020 JANUARY - MARCH] | ||
| 260 |
_aNEW DELHI _bBAR COUNCIL OF INDIA _c2020 |
||
| 300 | _a343p. | ||
| 650 |
_aLAW _95701 |
||
| 942 | _cJRL | ||
| 999 |
_c7427 _d7425 |
||